000
00331 a2200157 4500
001
59106
020
_a
8532244084
040
_c
Anchieta - Pituba
100
_a
Rocha, Jucenir
240
1
0
_a
Brasil em três tempos
_l
por
245
1
0
_a
Brasil em três tempos
300
_a
133
362
0
_a
2000
650
4
_a
Brasil
942
_c
BK
999
_c
59106
_d
59106